[Event "English Schools Championship Final 2024"]
[Site "Nottingham University Kings Meadow Campus, United Kingdom"]
[Date "2024.06.27"]
[Round "1.52"]
[White "McDonald Mupinyuri, Tj"]
[Black "Mupfiga, Thabiso"]
[Result "1-0"]
[TimeControl "G50' + 10\" per move."]
[WhiteElo "1817"]
[BlackElo "1455"]

1. e4 {[%clk 00:50:18]} {[%emt 00:00:01]} c6 {[%clk 00:50:19]} {[%emt
00:00:02]} 2. d4 {[%clk 00:50:16]} {[%emt 00:00:11]} d5 {[%clk 00:50:16]}
{[%emt 00:00:13]} 3. f3 {[%clk 00:50:16]} {[%emt 00:00:10]} e6 {[%clk
00:48:54]} {[%emt 00:01:33]} 4. Nc3 {[%clk 00:49:59]} {[%emt 00:00:27]} Ne7
{[%clk 00:48:10]} {[%emt 00:00:54]} 5. e5 {[%clk 00:49:01]} {[%emt 00:01:07]}
Ng6 {[%clk 00:47:54]} {[%emt 00:00:27]} 6. f4 {[%clk 00:48:02]} {[%emt
00:01:09]} Be7 {[%clk 00:45:47]} {[%emt 00:02:16]} 7. Nf3 {[%clk 00:47:11]}
{[%emt 00:01:01]} h6 {[%clk 00:45:28]} {[%emt 00:00:30]} 8. Bd3 {[%clk
00:46:46]} {[%emt 00:00:34]} Nh4 {[%clk 00:44:31]} {[%emt 00:03:10]} 9. Rf1
{[%clk 00:45:50]} Nxg2+ {[%clk 00:42:56]} {[%emt 00:01:49]} 10. Kf2 {[%clk
00:44:06]} {[%emt 00:01:54]} Nh4 {[%clk 00:42:32]} {[%emt 00:00:35]} 11. Rg1
{[%clk 00:42:53]} {[%emt 00:01:23]} g6 {[%clk 00:40:45]} {[%emt 00:01:57]} 12.
Be3 {[%clk 00:42:09]} {[%emt 00:00:53]} Nxf3 {[%clk 00:38:57]} {[%emt
00:01:58]} 13. Qxf3 {[%clk 00:41:59]} {[%emt 00:00:19]} h5 {[%clk 00:35:19]}
{[%emt 00:03:50]} 14. Ke2 {[%clk 00:38:45]} {[%emt 00:03:23]} Nd7 {[%clk
00:32:42]} {[%emt 00:02:47]} 15. Raf1 {[%clk 00:37:30]} {[%emt 00:01:25]} Nb6
{[%clk 00:29:10]} {[%emt 00:03:43]} 16. Qg2 {[%clk 00:35:34]} {[%emt 00:02:05]}
Kd7 {[%clk 00:27:37]} {[%emt 00:01:43]} 17. a4 {[%clk 00:32:27]} {[%emt
00:03:18]} Nc4 {[%clk 00:24:54]} {[%emt 00:02:53]} 18. Bxc4 {[%clk 00:31:45]}
{[%emt 00:00:52]} dxc4 {[%clk 00:24:01]} {[%emt 00:01:03]} 19. Rd1 {[%clk
00:30:07]} {[%emt 00:01:48]} Qa5 {[%clk 00:21:06]} {[%emt 00:03:06]} 20. d5
{[%clk 00:28:13]} {[%emt 00:02:03]} exd5 {[%clk 00:19:49]} {[%emt 00:01:26]} 21.
Nxd5 {[%clk 00:27:39]} {[%emt 00:00:44]} Ke8 {[%clk 00:18:10]} {[%emt
00:01:49]} 22. Nxe7 {[%clk 00:26:46]} {[%emt 00:01:03]} Bg4+ {[%clk 00:17:02]}
{[%emt 00:01:19]} 23. Kf2 {[%clk 00:24:53]} {[%emt 00:02:03]} Bxd1 {[%clk
00:16:46]} {[%emt 00:00:25]} 24. Nxg6 {[%clk 00:24:06]} {[%emt 00:00:58]} Rg8
{[%clk 00:16:23]} {[%emt 00:00:33]} 25. Qe4 {[%emt 00:05:39]} Qxa4 {[%clk
00:08:58]} {[%emt 00:06:44]} 26. b3 {[%clk 00:17:31]} {[%emt 00:02:07]} Qa2
{[%clk 00:08:16]} {[%emt 00:00:51]} 27. Rxd1 {[%clk 00:15:51]} {[%emt
00:01:51]} Rxg6 {[%clk 00:07:58]} {[%emt 00:00:29]} 28. Qxc4 {[%clk 00:15:08]}
{[%emt 00:00:51]} Qa6 {[%clk 00:04:53]} {[%emt 00:03:15]} 29. Qd4 {[%clk
00:14:06]} {[%emt 00:01:13]} Kf8 {[%clk 00:04:27]} {[%emt 00:00:36]} 30. f5
{[%clk 00:13:32]} {[%emt 00:00:44]} Rg4 {[%clk 00:04:25]} {[%emt 00:00:10]} 31.
Qd6+ {[%clk 00:10:35]} {[%emt 00:03:09]} Kg8 {[%clk 00:04:09]} {[%emt
00:00:26]} 32. e6 {[%clk 00:09:24]} {[%emt 00:01:21]} Qb5 {[%clk 00:03:14]}
{[%emt 00:01:05]} 33. exf7+ {[%clk 00:08:11]} {[%emt 00:01:23]} Kxf7 {[%clk
00:02:57]} {[%emt 00:00:27]} 34. Qe6+ {[%clk 00:07:02]} {[%emt 00:01:18]} Kg7
{[%clk 00:01:56]} {[%emt 00:01:12]} 35. Rd7+ {[%clk 00:06:57]} {[%emt
00:00:15]} Kh8 {[%clk 00:01:18]} {[%emt 00:00:48]} 36. Qh6+ {[%clk 00:06:51]}
{[%emt 00:00:15]} Kg8 {[%clk 00:01:07]} {[%emt 00:00:20]} 37. Qh7+ {[%clk
00:06:53]} {[%emt 00:00:09]} Kf8 {[%clk 00:01:09]} {[%emt 00:00:08]} 38. Qf7#
{[%clk 00:06:41]} {[%emt 00:00:10]} 1-0

[Event "English Schools Championship Final 2024"]
[Site "Nottingham University Kings Meadow Campus, United Kingdom"]
[Date "2024.06.27"]
[Round "1.53"]
[White "Ragu, Sachin"]
[Black "Rook, Todd"]
[Result "1/2-1/2"]
[TimeControl "G50' + 10\" per move."]
[WhiteFideId "343441726"]
[WhiteElo "1542"]
[BlackElo "1643"]

1. e4 {[%clk 00:50:17]} {[%emt 00:00:02]} d5 {[%clk 00:50:18]} {[%emt
00:00:02]} 2. exd5 {[%clk 00:50:20]} {[%emt 00:00:06]} Qxd5 {[%clk 00:50:22]}
{[%emt 00:00:08]} 3. Nc3 {[%clk 00:50:26]} {[%emt 00:00:05]} Qd6 {[%clk
00:50:20]} {[%emt 00:00:12]} 4. Nf3 {[%clk 00:50:28]} {[%emt 00:00:07]} Nf6
{[%clk 00:50:20]} {[%emt 00:00:11]} 5. d4 {[%clk 00:50:24]} {[%emt 00:00:13]}
c6 {[%clk 00:50:16]} {[%emt 00:00:14]} 6. h3 {[%clk 00:50:09]} {[%emt
00:00:24]} Bf5 {[%clk 00:50:09]} {[%emt 00:00:17]} 7. Be2 {[%clk 00:49:18]}
{[%emt 00:01:01]} Nbd7 {[%clk 00:49:37]} {[%emt 00:00:43]} 8. Be3 {[%clk
00:47:43]} {[%emt 00:01:45]} e6 {[%clk 00:48:45]} {[%emt 00:01:02]} 9. Nh4
{[%clk 00:46:59]} {[%emt 00:00:53]} Bg6 {[%clk 00:47:30]} {[%emt 00:01:24]} 10.
Nxg6 {[%clk 00:46:49]} {[%emt 00:00:22]} hxg6 {[%clk 00:47:24]} {[%emt
00:00:15]} 11. Rb1 {[%emt 00:08:21]} Nd5 {[%clk 00:45:04]} 12. Ne4 {[%clk
00:39:22]} {[%emt 00:01:55]} Qb4+ {[%clk 00:41:31]} {[%emt 00:03:43]} 13. c3
{[%clk 00:39:12]} {[%emt 00:00:21]} Nxe3 {[%clk 00:41:14]} {[%emt 00:00:27]} 14.
fxe3 {[%clk 00:38:51]} {[%emt 00:00:30]} Qa5 {[%clk 00:39:24]} {[%emt
00:02:00]} 15. a3 {[%clk 00:35:51]} {[%emt 00:03:11]} Qc7 {[%clk 00:38:05]}
{[%emt 00:01:29]} 16. Kd2 {[%clk 00:33:57]} {[%emt 00:02:04]} O-O-O {[%clk
00:33:43]} {[%emt 00:04:32]} 17. Bf3 {[%clk 00:33:09]} {[%emt 00:00:58]} Ne5
{[%clk 00:32:29]} {[%emt 00:01:24]} 18. Kc2 {[%clk 00:30:11]} {[%emt 00:03:07]}
Nxf3 {[%clk 00:31:38]} {[%emt 00:01:01]} 19. Qxf3 {[%clk 00:29:54]} {[%emt
00:00:27]} c5 {[%clk 00:30:13]} {[%emt 00:01:35]} 20. Rhd1 {[%clk 00:27:59]}
{[%emt 00:02:05]} cxd4 {[%clk 00:28:47]} {[%emt 00:01:37]} 21. exd4 {[%clk
00:27:49]} {[%emt 00:00:18]} f6 {[%clk 00:25:12]} {[%emt 00:03:46]} 22. g4
{[%clk 00:22:03]} {[%emt 00:05:56]} Qh2+ {[%clk 00:24:00]} {[%emt 00:01:22]} 23.
Nf2 {[%clk 00:21:02]} {[%emt 00:01:11]} Qc7 {[%clk 00:21:03]} {[%emt 00:03:08]}
24. Qe4 {[%clk 00:18:05]} {[%emt 00:03:06]} Qf7 {[%clk 00:19:31]} {[%emt
00:01:42]} 25. Re1 {[%clk 00:16:18]} {[%emt 00:01:57]} Re8 {[%clk 00:18:32]}
{[%emt 00:01:10]} 26. d5 {[%clk 00:15:43]} {[%emt 00:00:45]} e5 {[%clk
00:17:37]} {[%emt 00:01:05]} 27. Rbd1 {[%clk 00:13:59]} {[%emt 00:01:54]}
1/2-1/2

[Event "English Schools Championship Final 2024"]
[Site "Nottingham University Kings Meadow Campus, United Kingdom"]
[Date "2024.06.27"]
[Round "1.55"]
[White "Kukreja, Karan"]
[Black "Misra, Advay"]
[Result "1-0"]
[TimeControl "G50' + 10\" per move."]
[WhiteFideId "458821"]
[BlackFideId "343436161"]
[WhiteElo "1917"]
[BlackElo "1533"]

1. d4 {[%clk 00:50:20]} {[%emt 03:48:08]} Nf6 {[%clk 00:50:15]} {[%emt
00:00:05]} 2. c4 {[%clk 00:50:29]} {[%emt 00:00:02]} e6 {[%clk 00:50:14]}
{[%emt 00:00:11]} 3. g3 {[%clk 00:50:38]} d5 {[%clk 00:49:53]} {[%emt
00:00:31]} 4. Bg2 {[%clk 00:50:47]} c6 {[%clk 00:48:53]} {[%emt 00:01:10]} 5.
Nf3 {[%clk 00:50:55]} {[%emt 00:00:02]} Bd6 {[%clk 00:47:56]} {[%emt 00:01:08]}
6. O-O {[%clk 00:50:00]} {[%emt 00:01:05]} O-O {[%clk 00:47:20]} {[%emt
00:00:45]} 7. Nc3 {[%clk 00:49:33]} {[%emt 00:00:37]} Nbd7 {[%clk 00:46:06]}
{[%emt 00:01:24]} 8. Qd3 {[%clk 00:49:34]} {[%emt 00:00:10]} dxc4 {[%clk
00:44:08]} {[%emt 00:02:08]} 9. Qxc4 {[%clk 00:49:35]} {[%emt 00:00:09]} e5
{[%clk 00:42:59]} {[%emt 00:01:17]} 10. dxe5 {[%clk 00:48:41]} {[%emt
00:01:05]} Nxe5 {[%clk 00:41:30]} {[%emt 00:01:39]} 11. Nxe5 {[%clk 00:48:39]}
{[%emt 00:00:12]} Bxe5 {[%clk 00:41:30]} {[%emt 00:00:10]} 12. Rd1 {[%clk
00:48:36]} {[%emt 00:00:13]} Qe7 {[%clk 00:39:57]} {[%emt 00:01:43]} 13. Be3
{[%clk 00:44:33]} {[%emt 00:04:12]} Be6 {[%clk 00:38:05]} {[%emt 00:02:03]} 14.
Qd3 {[%clk 00:39:21]} {[%emt 00:05:22]} Rad8 {[%clk 00:36:02]} {[%emt
00:02:12]} 15. Qc2 {[%clk 00:37:25]} {[%emt 00:02:08]} c5 {[%emt 00:04:44]} 16.
Ne4 {[%clk 00:34:08]} b6 {[%clk 00:33:12]} {[%emt 00:01:52]} 17. Bg5 {[%clk
00:33:14]} {[%emt 00:01:04]} h6 {[%clk 00:31:24]} {[%emt 00:01:59]} 18. Nxf6+
{[%clk 00:31:10]} {[%emt 00:02:13]} Bxf6 {[%clk 00:31:22]} {[%emt 00:00:11]} 19.
Bxf6 {[%clk 00:31:12]} {[%emt 00:00:09]} Qxf6 {[%clk 00:31:25]} {[%emt
00:00:06]} 20. a3 {[%clk 00:28:29]} {[%emt 00:02:54]} Rfe8 {[%clk 00:30:17]}
{[%emt 00:01:18]} 21. b4 {[%clk 00:26:13]} {[%emt 00:02:26]} cxb4 {[%clk
00:27:02]} {[%emt 00:03:25]} 22. axb4 {[%clk 00:26:15]} {[%emt 00:00:09]} Qe7
{[%clk 00:27:05]} {[%emt 00:00:07]} 23. Bc6 {[%clk 00:24:18]} {[%emt 00:02:07]}
Rxd1+ {[%clk 00:26:10]} {[%emt 00:01:04]} 24. Rxd1 {[%clk 00:23:17]} {[%emt
00:01:12]} Rc8 {[%clk 00:25:50]} {[%emt 00:00:29]} 25. Qe4 {[%clk 00:20:00]}
{[%emt 00:03:28]} Qc7 {[%clk 00:25:00]} {[%emt 00:00:49]} 26. b5 {[%clk
00:18:18]} {[%emt 00:02:03]} Rd8 {[%clk 00:22:32]} {[%emt 00:02:37]} 27. Rd4
{[%clk 00:17:12]} {[%emt 00:01:16]} Rxd4 {[%clk 00:20:46]} {[%emt 00:01:56]} 28.
Qxd4 {[%clk 00:17:21]} {[%emt 00:00:02]} Qe7 {[%clk 00:20:03]} {[%emt
00:00:53]} 29. Qa4 {[%clk 00:16:30]} {[%emt 00:01:01]} Bh3 {[%clk 00:19:12]}
{[%emt 00:01:01]} 30. Qd1 {[%clk 00:15:00]} {[%emt 00:01:40]} h5 {[%clk
00:17:30]} {[%emt 00:01:52]} 31. e3 {[%clk 00:11:33]} {[%emt 00:03:37]} Qb4
{[%clk 00:15:38]} {[%emt 00:02:00]} 32. Bd7 {[%clk 00:09:55]} {[%emt 00:01:49]}
Bg4 {[%clk 00:12:07]} {[%emt 00:03:41]} 33. Bxg4 {[%clk 00:08:59]} {[%emt
00:01:06]} Qxg4 {[%clk 00:12:14]} {[%emt 00:00:03]} 34. Qd5 {[%clk 00:07:02]}
{[%emt 00:02:07]} g6 {[%clk 00:11:18]} {[%emt 00:01:06]} 35. Kg2 {[%clk
00:06:36]} {[%emt 00:00:37]} Kg7 {[%clk 00:10:17]} {[%emt 00:01:11]} 36. Qe5+
{[%clk 00:05:24]} {[%emt 00:01:21]} Kh7 {[%clk 00:09:24]} {[%emt 00:01:03]} 37.
Qd5 {[%clk 00:05:24]} {[%emt 00:00:10]} Qf5 {[%clk 00:08:55]} {[%emt 00:00:40]}
38. Qxf5 {[%clk 00:04:57]} {[%emt 00:00:37]} gxf5 {[%clk 00:08:59]} {[%emt
00:00:06]} 39. Kf3 {[%clk 00:04:38]} {[%emt 00:00:29]} Kg6 {[%clk 00:08:45]}
{[%emt 00:00:23]} 40. Kf4 {[%clk 00:03:41]} {[%emt 00:01:08]} Kf6 {[%clk
00:08:53]} {[%emt 00:00:02]} 41. e4 {[%clk 00:03:40]} {[%emt 00:00:10]} fxe4
{[%clk 00:08:37]} {[%emt 00:00:27]} 42. Kxe4 {[%clk 00:03:49]} {[%emt
00:00:01]} Ke6 {[%clk 00:08:34]} {[%emt 00:00:12]} 43. h3 {[%clk 00:03:09]}
{[%emt 00:00:51]} Kd6 {[%clk 00:07:22]} {[%emt 00:01:22]} 44. Kd4 {[%clk
00:02:57]} {[%emt 00:00:22]} Ke6 {[%clk 00:06:24]} {[%emt 00:01:08]} 45. g4
{[%clk 00:03:00]} {[%emt 00:00:07]} hxg4 {[%clk 00:06:07]} {[%emt 00:00:27]} 46.
hxg4 {[%clk 00:03:09]} Kd6 {[%clk 00:06:01]} {[%emt 00:00:16]} 47. f4 {[%clk
00:03:10]} {[%emt 00:00:09]} Ke6 {[%clk 00:05:49]} {[%emt 00:00:22]} 48. g5
{[%clk 00:02:13]} {[%emt 00:01:07]} Kf5 {[%clk 00:05:05]} {[%emt 00:00:54]} 49.
Ke3 {[%clk 00:02:22]} Ke6 {[%clk 00:04:51]} {[%emt 00:00:23]} 50. Ke4 {[%clk
00:02:28]} {[%emt 00:00:05]} Kd6 {[%clk 00:03:31]} {[%emt 00:01:30]} 51. f5
{[%clk 00:02:36]} {[%emt 00:00:02]} Ke7 {[%clk 00:03:39]} {[%emt 00:00:02]} 52.
Kd5 {[%clk 00:01:43]} {[%emt 00:01:03]} Kd7 {[%clk 00:03:00]} {[%emt 00:00:49]}
53. g6 {[%clk 00:01:37]} {[%emt 00:00:16]} fxg6 {[%clk 00:03:03]} {[%emt
00:00:06]} 54. fxg6 {[%clk 00:01:46]} Ke7 {[%clk 00:03:10]} {[%emt 00:00:04]}
55. Kc6 {[%clk 00:01:55]} {[%emt 00:00:01]} Kf6 {[%clk 00:03:15]} {[%emt
00:00:05]} 56. Kb7 {[%clk 00:02:04]} {[%emt 00:00:01]} Kxg6 {[%clk 00:03:23]}
{[%emt 00:00:02]} 57. Kxa7 {[%clk 00:02:13]} {[%emt 00:00:02]} Kf7 {[%clk
00:03:30]} {[%emt 00:00:02]} 58. Kxb6 {[%clk 00:02:22]} {[%emt 00:00:02]} Ke8
{[%clk 00:03:39]} 59. Kc7 {[%clk 00:02:30]} {[%emt 00:00:01]} 1-0

[Event "English Schools Championship Final 2024"]
[Site "Nottingham University Kings Meadow Campus, United Kingdom"]
[Date "2024.06.27"]
[Round "1.56"]
[White "Mussa, Rayyan"]
[Black "Chen, Daniel Xingyu"]
[Result "0-1"]
[TimeControl "G50' + 10\" per move."]
[WhiteFideId "343422225"]
[BlackFideId "469149"]
[WhiteElo "1599"]
[BlackElo "1845"]

1. e4 {[%clk 00:50:18]} {[%emt 00:00:02]} c5 {[%clk 00:50:16]} {[%emt
00:00:04]} 2. Nf3 {[%clk 00:50:21]} {[%emt 00:00:07]} Nc6 {[%clk 00:50:22]}
{[%emt 00:00:05]} 3. Bb5 {[%clk 00:50:20]} {[%emt 00:00:10]} g6 {[%clk
00:50:13]} {[%emt 00:00:18]} 4. O-O {[%clk 00:50:19]} {[%emt 00:00:11]} Bg7
{[%clk 00:50:15]} {[%emt 00:00:08]} 5. Re1 {[%clk 00:50:13]} {[%emt 00:00:17]}
Nf6 {[%clk 00:49:01]} {[%emt 00:01:24]} 6. c3 {[%clk 00:49:49]} {[%emt
00:00:33]} O-O {[%clk 00:48:40]} {[%emt 00:00:32]} 7. d4 {[%clk 00:48:47]}
{[%emt 00:01:11]} cxd4 {[%clk 00:46:17]} {[%emt 00:02:33]} 8. cxd4 {[%clk
00:47:54]} {[%emt 00:01:03]} Qc7 {[%clk 00:41:32]} {[%emt 00:04:55]} 9. Nc3
{[%clk 00:45:15]} {[%emt 00:02:49]} a6 {[%clk 00:40:47]} {[%emt 00:00:55]} 10.
Bf1 {[%clk 00:44:27]} {[%emt 00:00:58]} d6 {[%clk 00:38:51]} {[%emt 00:02:07]}
11. h3 {[%clk 00:42:41]} {[%emt 00:01:56]} Rd8 {[%clk 00:34:21]} {[%emt
00:04:41]} 12. Be3 {[%clk 00:39:30]} {[%emt 00:03:18]} d5 {[%clk 00:25:56]}
{[%emt 00:08:36]} 13. e5 {[%clk 00:33:24]} {[%emt 00:06:17]} Ne4 {[%clk
00:25:32]} {[%emt 00:00:35]} 14. Rc1 {[%clk 00:30:51]} {[%emt 00:02:42]} Bf5
{[%clk 00:24:13]} {[%emt 00:01:29]} 15. Qb3 {[%clk 00:28:02]} {[%emt 00:02:59]}
Nxc3 {[%clk 00:22:37]} {[%emt 00:01:46]} 16. Rxc3 {[%clk 00:27:51]} {[%emt
00:00:20]} Rac8 {[%clk 00:21:43]} {[%emt 00:01:03]} 17. Rec1 {[%clk 00:27:30]}
{[%emt 00:00:32]} Qd7 {[%clk 00:18:49]} {[%emt 00:03:05]} 18. g4 {[%clk
00:26:18]} {[%emt 00:01:22]} Be6 {[%clk 00:17:22]} {[%emt 00:01:36]} 19. Ng5
{[%clk 00:24:48]} {[%emt 00:01:40]} Rf8 {[%clk 00:11:31]} {[%emt 00:06:02]} 20.
Qd1 {[%clk 00:21:14]} {[%emt 00:03:43]} h6 {[%clk 00:09:48]} {[%emt 00:01:54]}
21. Nxe6 {[%clk 00:20:19]} {[%emt 00:01:05]} Qxe6 {[%clk 00:09:50]} {[%emt
00:00:08]} 22. Qd2 {[%clk 00:19:12]} {[%emt 00:01:17]} Kh7 {[%clk 00:09:16]}
{[%emt 00:00:45]} 23. Bg2 {[%clk 00:18:47]} {[%emt 00:00:35]} Qd7 {[%clk
00:08:21]} {[%emt 00:01:04]} 24. Rc5 {[%clk 00:16:47]} {[%emt 00:02:10]} e6
{[%clk 00:08:10]} {[%emt 00:00:22]} 25. g5 {[%clk 00:16:03]} {[%emt 00:00:54]}
h5 {[%clk 00:07:57]} {[%emt 00:00:22]} 26. Bf3 {[%clk 00:15:33]} {[%emt
00:00:40]} Rfe8 {[%clk 00:06:40]} {[%emt 00:01:28]} 27. a3 {[%clk 00:15:01]}
{[%emt 00:00:41]} Bf8 {[%clk 00:05:50]} {[%emt 00:01:00]} 28. R5c2 {[%clk
00:14:58]} {[%emt 00:00:13]} Ne7 {[%clk 00:05:24]} {[%emt 00:00:36]} 29. Kh2
{[%clk 00:13:56]} {[%emt 00:01:12]} Nf5 {[%clk 00:04:59]} {[%emt 00:00:35]} 30.
Be2 {[%clk 00:12:50]} {[%emt 00:01:17]} Rxc2 {[%clk 00:04:35]} {[%emt
00:00:33]} 31. Rxc2 {[%clk 00:12:48]} {[%emt 00:00:11]} Rc8 {[%clk 00:04:39]}
{[%emt 00:00:07]} 32. Bd3 {[%clk 00:12:42]} {[%emt 00:00:16]} Ne7 {[%clk
00:03:54]} {[%emt 00:00:55]} 33. Qe2 {[%clk 00:12:33]} {[%emt 00:00:18]} Kg8
{[%clk 00:03:35]} {[%emt 00:00:30]} 34. Qf3 {[%clk 00:12:08]} {[%emt 00:00:34]}
Rxc2 {[%clk 00:03:20]} {[%emt 00:00:26]} 35. Bxc2 {[%clk 00:12:04]} {[%emt
00:00:13]} Qc7 {[%clk 00:03:16]} {[%emt 00:00:15]} 36. Qe2 {[%clk 00:11:59]}
{[%emt 00:00:15]} Nc6 {[%clk 00:03:11]} {[%emt 00:00:16]} 37. h4 {[%clk
00:11:56]} {[%emt 00:00:13]} Na5 {[%clk 00:03:03]} {[%emt 00:00:18]} 38. Bd3
{[%clk 00:11:25]} {[%emt 00:00:40]} Be7 {[%clk 00:02:21]} {[%emt 00:00:53]} 39.
Qf3 {[%clk 00:11:05]} {[%emt 00:00:29]} Qb6 {[%clk 00:02:14]} {[%emt 00:00:17]}
40. b4 {[%clk 00:10:47]} {[%emt 00:00:29]} Nc6 {[%clk 00:02:10]} {[%emt
00:00:14]} 41. Qf4 {[%clk 00:10:32]} {[%emt 00:00:25]} a5 {[%clk 00:02:10]}
{[%emt 00:00:09]} 42. b5 {[%clk 00:10:04]} {[%emt 00:00:38]} Nb8 {[%clk
00:01:59]} {[%emt 00:00:21]} 43. a4 {[%clk 00:09:53]} {[%emt 00:00:21]} Qc7
{[%clk 00:01:48]} {[%emt 00:00:22]} 44. Qf3 {[%clk 00:09:45]} {[%emt 00:00:17]}
Nd7 {[%clk 00:01:40]} {[%emt 00:00:18]} 45. Qe2 {[%clk 00:09:16]} {[%emt
00:00:38]} Nb6 {[%clk 00:01:32]} {[%emt 00:00:20]} 46. Qd2 {[%clk 00:09:11]}
{[%emt 00:00:14]} Nc4 {[%clk 00:01:23]} {[%emt 00:00:19]} 47. Bxc4 {[%clk
00:09:19]} {[%emt 00:00:01]} dxc4 {[%clk 00:01:30]} {[%emt 00:00:05]} 48. Qc2
{[%clk 00:08:59]} {[%emt 00:00:30]} Bb4 {[%clk 00:01:08]} {[%emt 00:00:31]} 49.
Bd2 {[%clk 00:09:04]} {[%emt 00:00:05]} Bxd2 {[%clk 00:01:13]} {[%emt
00:00:06]} 50. Qxd2 {[%clk 00:09:03]} {[%emt 00:00:10]} c3 {[%clk 00:01:19]}
{[%emt 00:00:04]} 51. Qc2 {[%clk 00:09:09]} {[%emt 00:00:04]} Qc4 {[%clk
00:01:25]} {[%emt 00:00:03]} 52. Kg3 {[%clk 00:08:00]} {[%emt 00:01:21]} Qxd4
{[%clk 00:01:29]} {[%emt 00:00:05]} 53. f4 {[%clk 00:08:08]} {[%emt 00:00:02]}
Qe3+ {[%clk 00:01:22]} {[%emt 00:00:16]} 54. Kg2 {[%clk 00:08:16]} {[%emt
00:00:03]} Qd2+ {[%clk 00:01:30]} {[%emt 00:00:03]} 55. Qxd2 {[%clk 00:08:21]}
{[%emt 00:00:04]} cxd2 {[%clk 00:01:38]} {[%emt 00:00:02]} 56. Kf2 {[%clk
00:08:27]} {[%emt 00:00:04]} d1=Q {[%clk 00:01:45]} {[%emt 00:00:03]} 57. Ke3
{[%clk 00:08:32]} {[%emt 00:00:05]} Qxa4 {[%clk 00:01:52]} {[%emt 00:00:03]} 58.
Kf3 {[%clk 00:08:41]} {[%emt 00:00:01]} Qxb5 {[%clk 00:02:00]} {[%emt
00:00:02]} 59. Ke3 {[%clk 00:08:50]} a4 {[%clk 00:02:09]} {[%emt 00:00:01]} 60.
Kd2 {[%clk 00:08:59]} {[%emt 00:00:01]} a3 {[%clk 00:02:18]} {[%emt 00:00:02]}
61. Kc3 {[%clk 00:09:08]} {[%emt 00:00:01]} a2 {[%clk 00:02:26]} 62. Kc2 {[%clk
00:09:16]} {[%emt 00:00:01]} a1=Q {[%clk 00:02:29]} {[%emt 00:00:08]} 63. f5
{[%clk 00:09:28]} {[%emt 00:00:09]} Qaa4+ {[%clk 00:02:45]} {[%emt 00:00:02]}
64. Kc3 {[%clk 00:09:35]} {[%emt 00:00:03]} Qbb3+ {[%clk 00:02:54]} {[%emt
00:00:02]} 65. Kd2 {[%clk 00:09:44]} {[%emt 00:00:01]} Qaa2+ {[%clk 00:03:03]}
66. Ke1 {[%clk 00:09:53]} {[%emt 00:00:01]} Qbb1# {[%clk 00:03:12]} 0-1